[Event "EU-Cup 39th"]
[Site "Vrnjacka Banja"]
[Date "2024.10.24"]
[Round "5.1"]
[White "Gukesh, Dommaraju"]
[Black "Pechac, Jergus"]
[Result "1/2-1/2"]
[WhiteElo "2794"]
[BlackElo "2582"]
[PlyCount "127"]
[EventDate "2024.10.20"]
[EventType "team-swiss"]
[EventRounds "7"]
[EventCountry "SRB"]
[SourceTitle "CB44_2024"]
[Source "Chessbase"]
[SourceDate "2024.10.30"]
[SourceVersion "1"]
[SourceVersionDate "2024.10.30"]
[SourceQuality "1"]
[WhiteTeam "SuperChess"]
[BlackTeam "Modra Javes"]
[WhiteTeamCountry "ROU"]
[BlackTeamCountry "SVK"]

1. e4 e5 2. Nf3 Nc6 3. Bc4 Bc5 4. c3 Nf6 5. d3 a6 6. 0-0 Ba7 7. Bg5 h6 8. Bh4 d6 9. Nbd2 Qe7 10. Kh1 Be6 11. a4 Bxc4 12. Nxc4 Qe6 13. Ne3 Ne7 14. Bxf6 Qxf6 15. d4 0-0 16. Re1 Qe6 17. Qc2 c6 18. a5 exd4 19. cxd4 f5 20. exf5 Nxf5 21. Nxf5 Qxf5 22. Qb3+ Qf7 23. Re6 Rae8 24. Rae1 d5 25. Rxe8 Rxe8 26. Rxe8+ Qxe8 27. Qxb7 Bxd4 28. Qxa6 Bxf2 29. Qd3 Qe4 30. Qxe4 dxe4 31. Ne5 e3 32. a6 e2 33. Nd3 Kf7 34. g4 Ke7 35. Kg2 Bd4 36. Kf3 Kd6 37. Kxe2 Kc7 38. Kf3 Kb6 39. Ke4 Bg1 40. h4 Kxa6 41. h5 Bb6 42. Ke5 Kb5 43. b3 Bg1 44. Kd6 c5 45. Kd5 Be3 46. Ke4 Bg5 47. Kf5 Be3 48. Kg6 Bd4 49. Kf7 Ka5 50. Ke7 Kb5 51. Ke6 Bg1 52. Ke5 Bd4+ 53. Ke6 Bg1 54. Kd6 Bd4 55. Nf4 Kb4 56. Ne6 Kxb3 57. Nxc5+ Kc4 58. Ne6 Bf6 59. Nc7 Kd4 60. Ne8 Be5+ 61. Ke6 Ke4 62. Kf7 Kf4 63. Nxg7 Kxg4 64. Ne8 1/2-1/2

[Event "EU-Cup 39th"]
[Site "Vrnjacka Banja"]
[Date "2024.10.23"]
[Round "4.1"]
[White "Andreikin, Dmitry"]
[Black "Gukesh, Dommaraju"]
[Result "1-0"]
[WhiteElo "2729"]
[BlackElo "2794"]
[PlyCount "101"]
[EventDate "2024.10.20"]
[EventType "team-swiss"]
[EventRounds "7"]
[EventCountry "SRB"]
[SourceTitle "CB44_2024"]
[Source "Chessbase"]
[SourceDate "2024.10.30"]
[SourceVersion "1"]
[SourceVersionDate "2024.10.30"]
[SourceQuality "1"]
[WhiteTeam "Turkish Airlines"]
[BlackTeam "SuperChess"]
[WhiteTeamCountry "TUR"]
[BlackTeamCountry "ROU"]

1. d4 Nf6 2. Nf3 e6 3. c4 d5 4. Nc3 Bb4 5. Qb3 c5 6. dxc5 Nc6 7. Bg5 Qa5 8. Bxf6 dxc4 9. Qxc4 gxf6 10. Rc1 Qxc5 11. Qh4 Ke7 12. g3 Bxc3+ 13. Rxc3 Qb4 14. Qxb4+ Nxb4 15. a3 Nd5 16. Rc1 e5 17. Bg2 Be6 18. Nh4 Rac8 19. 0-0 Rhd8 20. Be4 h6 21. Nf5+ Kf8 22. Rxc8 Rxc8 23. Nxh6 Nb6 24. f4 Nc4 25. f5 Bd7 26. Ng4 Ke7 27. Bxb7 Rg8 28. h3 Nd6 29. Bd5 Bxf5 30. Rc1 Bxg4 31. hxg4 Kd7 32. Rc6 Rxg4 33. Ra6 Rxg3+ 34. Kf2 Rh3 35. Rxa7+ Kc8 36. a4 Rh4 37. Ra6 Kc7 38. a5 Rd4 39. Rc6+ Kd7 40. Rc5 Ne4+ 41. Bxe4 Rxe4 42. Rb5 Ra4 43. Kf3 Ke6 44. Rb6+ Kd5 45. b4 f5 46. a6 Ra3+ 47. Kf2 f4 48. b5 f3 49. Rb7 fxe2 50. a7 f5 51. b6 1-0